000 00602nam a2200193Ia 4500
005 20250326142429.0
008 250326s9999 xx 000 0 und d
020 _a0 7126 7712 7
037 _aTextbook
040 _aFMSL
_beng
_cFMSL
041 _aeng
_2eng
084 _aX:74 N6
_qFMSL
100 _aWhiteley R
_9746051
245 0 _aCustomer centered growth: Five proven strategies for building competitive advantage
_cWhiteley R; Hessan D
260 _aGreat Britain
_bGreat Britain, Century Business
_c1996
300 _a330p
942 _cTB
_hX:74 N6
999 _c1294989
_d1294989